El Faro de la Alejandría: La Agenda Venezuela, rumbo seguro. Estudio de un programa de ajuste estructural que busca crear condiciones para la transición (Registro nro. 1075)
[ vista simple ]
| 000 -CABECERA | |
|---|---|
| campo de control de longitud fija | 00694nam a22001937a 4500 |
| 001 - NÚMERO DE CONTROL | |
| campo de control | T027600012104 |
| 008 - DATOS DE LONGITUD FIJA--INFORMACIÓN GENERAL | |
| campo de control de longitud fija | 181014b xve||||| m 0 e0p | esp |
| 040 ## - FUENTE DE LA CATALOGACIÓN | |
| Centro catalogador/agencia de origen | FEVP |
| Centro/agencia transcriptor | FEVP |
| 041 ## - CÓDIGO DE LENGUA | |
| Código de lengua del texto/banda sonora o título independiente | spa |
| 099 ## - SIGNATURA TOPOGRÁFICA LOCAL | |
| Sigla especial | CENDES T-P.D. |
| Cutter | P281 |
| 100 ## - ENTRADA PRINCIPAL--NOMBRE DE PERSONA | |
| Apellido (s), Nombre (s) | Pascuzzi Flores, Saúl Horacio |
| 245 ## - MENCIÓN DE TÍTULO | |
| Título | El Faro de la Alejandría: La Agenda Venezuela, rumbo seguro. Estudio de un programa de ajuste estructural que busca crear condiciones para la transición |
| 260 ## - PUBLICACIÓN, DISTRIBUCIÓN, ETC. (PIE DE IMPRENTA) | |
| Fecha de publicación, distribución, etc. | Septiembre, 1998 |
| 300 ## - DESCRIPCIÓN FÍSICA | |
| Extensión | xiii, 289p. |
| 500 ## - NOTA GENERAL | |
| Nota general | Impreso |
| 502 ## - NOTA DE TESIS | |
| Nota de tesis | TESIS -- MAGISTER, Magister Scientarum en Planificación del Desarrollo, mención Global |
| 700 ## - PUNTO DE ACCESO ADICIONAL--NOMBRE DE PERSONA | |
| Nombre de persona | Castellano Bohorque, Hercilio |
| Término indicativo de función/relación | Tutor |
| 942 ## - ELEMENTOS DE PUNTO DE ACCESO ADICIONAL (KOHA) | |
| Tipo de ítem Koha | Tesis |
| Estado de retiro | Estado de pérdida | Fuente del sistema de clasificación o colocación | Estado dañado | No para préstamo | Localización permanente | Ubicación/localización actual | Fecha de adquisición | Total de préstamos | Signatura topográfica completa | Código de barras | Fecha visto por última vez | Precio válido a partir de | Tipo de ítem Koha |
|---|---|---|---|---|---|---|---|---|---|---|---|---|---|
| Oscar Varsavsky | Oscar Varsavsky | 31.10.2018 | CENDES T-P.D. P281 | T027600015651 | 31.10.2018 | 31.10.2018 | Tesis |